| 000 | 00861cam a2200277 a 4500 | ||
|---|---|---|---|
| 999 |
_c4618 _d4618 |
||
| 001 | 4378297 | ||
| 003 | OSt | ||
| 005 | 20190124114142.0 | ||
| 008 | 910411s1991 ilu 000 0beng | ||
| 010 | _a 91017603 | ||
| 020 | _a0896938115 | ||
| 040 |
_aDLC _cDLC _dDLC |
||
| 050 | 0 | 0 |
_aBS580.J6 _bL83 1991 |
| 082 | 0 | 0 |
_a222.11 _220 _bL975R |
| 100 | 1 | _aLutzer, Erwin W. | |
| 245 | 1 | 0 |
_aKeep your dream alive / _cErwin Lutzer. |
| 260 |
_aWheaton, Ill. : _bVictor Books, _cc1991. |
||
| 300 |
_a141 p. ; _c21 cm. |
||
| 440 | 0 | _aLife-in-perspective series | |
| 600 | 0 | 0 |
_aJoseph _c(Son of Jacob) |
| 630 | 0 | 0 |
_aBible. _pOld Testament _vBiography. |
| 650 | 0 | _aChristian life. | |
| 906 |
_a7 _bcbc _corignew _d1 _eocip _f19 _gy-gencatlg |
||
| 942 |
_2ddc _cBK |
||